000 01179cam a2200373 a 4500
001 16759589
003 OSt
005 20210411112034.0
008 110502s2011 nyu 000 0 eng
010 _a 2011928674
020 _a9781441994004 (pbk.)
040 _aDLC
_cDLC
_dDLC
041 _aeng
042 _apcc
050 0 0 _aPE1128
_b.W323 2011
080 _a811.111
_bW-20
082 0 0 _a428.2/4
_223
100 1 _aWallwork, Adrian.
245 1 0 _aEnglish for academic correspondence and socializing /
_cAdrian Wallwork.
250 _a1st ed.
260 _aNew York :
_bSpringer,
_c2011.
300 _a330 p. ;
_c24 cm.
365 _b23.19 usd
650 0 _aEnglish language
_vTextbooks for foreign speakers.
650 0 _aEnglish language
_xRhetoric.
650 0 _aReport writing.
650 0 _aCommunication.
653 _aინგლისური ენა
653 _aწერილობითი ანგარიშის მომზადება
653 _aაკადემიური წერა
906 _a7
_bcbc
_corignew
_d2
_eepcn
_f20
_gy-gencatlg
942 _2udc
_cBK
_e1
999 _c70
_d70